| 000 | 00000nam 2200000zi 4500 |
| 001 | 9.943263 |
| 003 | CaOODSP |
| 005 | 20250131104103 |
| 006 | m o d f |
| 007 | cr mn||||||||| |
| 008 | 240916e202410##oncab ob f000 0 eng d |
| 020 | |a9780660736549 |
| 040 | |aCaOODSP|beng|erda|cCaOODSP |
| 043 | |an-cn-ns|an-us---|aln----- |
| 045 | |ax6y2 |
| 086 | 1 |aFs70-6/2024-056E-PDF |
| 245 | 00|aEastern Georges Bank haddock (Melanogrammus aeglefinus) assessment to 2023. |
| 246 | 17|aEastern Georges Bank haddock assessment |
| 264 | 1|a[Ottawa] : |bCanadian Science Advisory Secretariat, |cOctober 2024. |
| 264 | 4|c©2024 |
| 300 | |a1 online resource (32 pages) : |billustrations (chiefly colour), maps (chiefly colour). |
| 336 | |atext|btxt|2rdacontent |
| 337 | |acomputer|bc|2rdamedia |
| 338 | |aonline resource|bcr|2rdacarrier |
| 490 | 1 |aScience advisory report, |x1919-5087 ; |v2024/056 |
| 500 | |aIssued also in French under title: Évaluation de l'aiglefin de l'est du banc de Georges (Melanogrammus aeglefinus) jusqu'en 2023. |
| 500 | |aTitle from caption. |
| 504 | |aIncludes bibliographical references (page 28). |
| 650 | 0|aHaddock|zGeorges Bank. |
| 650 | 0|aHaddock fisheries|zGeorges Bank. |
| 650 | 0|aFish stock assessment|zGeorges Bank. |
| 710 | 2 |aCanadian Science Advisory Secretariat, |eissuing body. |
| 710 | 1 |aCanada. |bDepartment of Fisheries and Oceans. |bMaritimes Region, |eissuing body. |
| 775 | 08|tÉvaluation de l'aiglefin de l'est du banc de Georges (Melanogrammus aeglefinus) jusqu'en 2023.|w(CaOODSP)9.943264 |
| 830 | #0|aScience advisory report (Canadian Science Advisory Secretariat)|v2024/056.|w(CaOODSP)9.506226 |
| 856 | 40|qPDF|s5.66 MB|uhttps://publications.gc.ca/collections/collection_2025/mpo-dfo/fs70-6/Fs70-6-2024-056-eng.pdf |